| 000 | 00710nam a22002172 4500 | ||
|---|---|---|---|
| 001 | 0000007202 | ||
| 005 | 20151021151111.0 | ||
| 008 | 071130s xx 000 0 eng d | ||
| 020 |
_a1842776971 : _cKES 1730 |
||
| 040 |
_aKABU _cKABU |
||
| 100 | 1 |
_aFlint, Julie. _@0000158322 |
|
| 245 | 1 | 0 |
_aDarfur : _ba short history of a long war / _cJulie Flint and Alex de Waal. |
| 260 |
_aLondon : _bZed Books, _c2005. |
||
| 300 | _axiv, 152 p. | ||
| 650 | 0 |
_aSudan _bHistory _xDarfur conflict 2003. _@0000158323 |
|
| 650 | 0 |
_aDarfur (Sudan) _bHistory. _@0000158324 |
|
| 700 | 1 |
_aDe Waal, Alex. _@0000158325 |
|
| 852 | 1 | _9p1730 KES | |
| 908 | _a071130 | ||
| 950 | _@1 | ||
| 999 |
_c698 _d698 |
||